| 000 | 02450cam a2200385 a 4500 | ||
|---|---|---|---|
| 001 | 14749552 | ||
| 005 | 20141211162910.0 | ||
| 008 | 070227s2007 nyu 000 0aeng | ||
| 010 | _a 2007008168 | ||
| 020 | _a9781592402861 | ||
| 020 | _a1592402860 | ||
| 020 | _a9780007268863 | ||
| 035 | _a(OCoLC)ocm85783305 | ||
| 035 | _a(OCoLC)85783305 | ||
| 040 |
_aDLC _cDLC _dIG# _dBAKER _dBTCTA _dJED _dZS3 _dYDXCP _dBUR _dDLC |
||
| 043 | _an-us-ny | ||
| 050 | 0 | 0 |
_aHF 5810.H44 _b.G475 2008 |
| 082 | 0 | 0 |
_a647.95092 _aB |
| 100 | 1 |
_aGill, Michael _q(Michael Gates) |
|
| 245 | 1 | 0 |
_aHow Starbucks saved my life : _ba son of privilege learns to live like everyone else / _cMichael Gates Gill. |
| 260 |
_aNew York : _bGotham Books, _cc2008. |
||
| 300 |
_a265 pages : _c20 cm. |
||
| 520 | _aIn his fifties, Michael Gates Gill had it all: a big house, a loving family, and a six-figure salary. By sixty, he had lost everything: downsized at work, divorced at home, and diagnosed with a slow-growing brain tumor, Gill had no money, no insurance, and no prospects. He took a job at Starbucks, and for the first time in his life, he was a minority--the only older white guy working with a team of young African-Americans. He was forced to acknowledge his prejudices and admit that his new job was hard. And his younger coworkers, despite half the education and twice the personal difficulties, were running circles around him. Crossing over the Starbucks bar was the beginning of a transformation that cracked his world wide open. When all of his defenses and the armor of entitlement had been stripped away, a humbler, happier and gentler man remained.--From publisher description. | ||
| 600 | 1 | 0 |
_aGill, Michael _q(Michael Gates) |
| 610 | 2 | 0 |
_aStarbucks Coffee Company _xEmployees _zNew York (State) _zNew York _vBiography. |
| 650 | 0 |
_aAdvertising executives _zNew York (State) _zNew York _vBiography. |
|
| 650 | 0 |
_aMarketing consultants _zNew York (State) _zNew York _vBiography. |
|
| 650 | 0 |
_aCoffeehouses _zNew York (State) _zNew York. |
|
| 650 | 0 |
_aAcoustic neuroma _xPatients _vBiography. |
|
| 856 | 4 | 2 |
_3Publisher description _uhttp://www.loc.gov/catdir/enhancements/fy0804/2007008168-d.html |
| 856 | 4 | 2 |
_3Contributor biographical information _uhttp://www.loc.gov/catdir/enhancements/fy0804/2007008168-b.html |
| 906 |
_a7 _bcbc _corignew _d1 _eecip _f20 _gy-gencatlg |
||
| 942 |
_2lcc _cBK _kFOR |
||
| 999 |
_c276953 _d276953 |
||